000 00387nam a22001577a 4500
003 MPLRDC
005 20220104114651.0
008 210129b ||||| |||| 00| 0 eng d
082 _a327.49 LXR
100 _a梁湘润编著
245 _a中西对照: 万年历
_c
260 _a
_b新风文化事业公司
_c
300 _b
650 _a历书--万年历
942 _cBK
_o327.49 LXR
999 _c9275
_d9265